Cascades (Record no. 107519)

MARC details
000 -LEADER
fixed length control field 01404cad a22002295a 4500
001 - CONTROL NUMBER
control field L140603
008 - FIXED-LENGTH DATA ELEMENTS--GENERAL INFORMATION
fixed length control field 071001s2007 xxk f 000 0 eng d
035 ## - SYSTEM CONTROL NUMBER
System control number (Sirsi) u140603
041 0# - LANGUAGE CODE
Language code of text/sound track or separate title eng
050 04 - LIBRARY OF CONGRESS CALL NUMBER
Classification number 306.1 $2 18
110 2# - MAIN ENTRY--CORPORATE NAME
Corporate name or jurisdiction name as entry element Housing Corporation
245 00 - TITLE STATEMENT
Title Cascades
Remainder of title improving certainty in the delivery of affordable housing for large-scale development
Medium [electronic resource]
260 ## - PUBLICATION, DISTRIBUTION, ETC.
Place of publication, distribution, etc. London
Name of publisher, distributor, etc. Housing Corporation
Date of publication, distribution, etc. 2007
520 ## - SUMMARY, ETC.
Summary, etc. Analyses the extent to which the delivery of affordable housing can be increased using mechanisms such as cascades. The government aims to create a more responsive housing sector and to enable the planning system to increase affordable housing supply. Suggests that policy in the local plan or development framework should set the local authority requirements for affordable housing. Focuses on large scale developments. Makes recommendations on sets of circumstances in which the use of cascades is appropriate. Considers the features which might make up such cascades.
590 ## - LOCAL NOTE (RLIN)
Local note KA NTK
651 #4 - SUBJECT ADDED ENTRY--GEOGRAPHIC NAME
Geographic name England
Chronological subdivision 886-
690 ## - LOCAL SUBJECT ADDED ENTRY--TOPICAL TERM (OCLC, RLIN)
Topical term or geographic name as entry element PROPERTY-RESIDENTIAL PROPERTY-RESIDENTIAL PROPERTY DEVELOPMENT
710 2# - ADDED ENTRY--CORPORATE NAME
Corporate name or jurisdiction name as entry element English Partnerships
9 (RLIN) 1764
710 2# - ADDED ENTRY--CORPORATE NAME
Corporate name or jurisdiction name as entry element Advisory Team for Large Applications
9 (RLIN) 5361
856 40 - ELECTRONIC LOCATION AND ACCESS
Uniform Resource Identifier <a href="https://www.housingcorp.gov.uk/server/show/ConWebDoc.12126">https://www.housingcorp.gov.uk/server/show/ConWebDoc.12126</a>
Public note View the item free of charge at www.housingcorp.gov.uk...
942 ## - ADDED ENTRY ELEMENTS (KOHA)
Suppress in OPAC 0
Holdings
Withdrawn status Lost status Source of classification or shelving scheme Damaged status Not for loan Home library Current library Shelving location Date acquired Total Checkouts Full call number Barcode Date last seen Copy number Price effective from Koha item type Date last checked out
    Dewey Decimal Classification     London London Books 15/02/2008 1 F306.1 HOU 30072631 06/08/2019 1 06/08/2019 Book 03/08/2009
    Dewey Decimal Classification     Virtual Virtual Online 01/10/2007   ONLINE PUBLICATION 140603-1001 06/08/2019 1 06/08/2019 Book